00557nam a2200157 a 450000100100000000500170001000800410002704000250006810000200009324501070011326000380022030000210025850000730027970000240035270000230037600003690320200930080017.0120203s1972 ag 000 0 spa d aDO-SdBNPbspacBNPHU1 aFink, Arthur E.10aCampos de aplicación del servicio/ social /cArthur E. Fink , C. Wilson Anderson, Merril B. Conover. aBuenos Aires :bHvmanitas,c1972. a494 p. ;c23 cm. aIncluye referencias bibliográficas y notas al pie de las páginas12aAnderson, C. Wilson12aConover, Merril B.